000 00292nam a22001337a 4500
007 0023090502
008 170403b xxu||||| |||| 00| 0 eng d
041 _aeng
080 _a574
100 _a9
101 _aSHM
245 _aCONTEMPORARY URBAN ECOLOGY
_cBERRY, B.J.L
942 _2udc
_cBK
999 _c9483
_d9483